Simulácia 3D modelov experimentov vo virtuálnom laboratóriu

Enregistré dans:
Détails bibliographiques
Auteur principal: Kobera, Samuel (Auteur)
Autres auteurs: Matišák, Jakub (Directeur de thèse)
Format: Manuscrit Livre
Langue:slovaque
Publié: Bratislava : STU v Bratislave FEI, 2023
Sujets:
Accès en ligne:https://opac.crzp.sk/?fn=detailBiblioFormChildUKNRF&sid=C0DEB8E07572332BAD240915805F&seo=CRZP-detail-kniha
Tags: Ajouter un tag
Pas de tags, Soyez le premier à ajouter un tag!

MARC

LEADER 00000ntm a22000003a 4500
001 stuzp91818
003 SK-STU
005 20241212140620.1
007 ta
008 150427s2015----xo-----f-mn---000-0-slo-d
040 |a STU  |b slo 
041 0 |a slo 
044 |a xo 
100 1 |a Kobera, Samuel  |u 030400  |4 aut  |U FEI Fakulta elektrotechniky a informatiky  |T FEI Ústav automobilovej mechatroniky  |X 92053  |U E400  |Y 642  |7 92053 
242 0 1 |a Simulation of 3D models of experiments in a virtual laboratory  |y eng 
245 1 0 |a Simulácia 3D modelov experimentov vo virtuálnom laboratóriu 
260 |a Bratislava :  |b STU v Bratislave FEI,  |c 2023 
300 |a 85 s. 
650 4 |a simulácia experimentov  |2 slo 
650 4 |a virtuálne laboratórium  |2 slo 
650 4 |a NME  |2 slo 
650 4 |a 3D modely  |2 slo 
650 4 |a Babylon.js  |2 slo 
650 4 |a experiment simulation  |2 eng 
650 4 |a virtual laboratory  |2 eng 
650 4 |a NME  |2 eng 
650 4 |a 3D models  |2 eng 
650 4 |a Babylon.js  |2 eng 
700 1 |a Matišák, Jakub  |u 030400  |k Z8  |4 ths  |U FEI Fakulta elektrotechniky a informatiky  |T FEI Ústav automobilovej mechatroniky  |X 64208  |U E400  |Y 642  |7 64208 
856 4 |u https://opac.crzp.sk/?fn=detailBiblioFormChildUKNRF&sid=C0DEB8E07572332BAD240915805F&seo=CRZP-detail-kniha